Statistics for EVERY JetPunk User with a Featured Quiz in German

Click here to take the quiz!

General Stats

  • This quiz has been taken 7 times
  • The average score is 6 of 39

Answer Stats

#User% Correct
567Gassu
83%
6Nathaniel
67%
3Jato3
50%
30Jerry928
50%
55Stewart
50%
6Nightracer
33%
9skukka
33%
8ThatOnePunk
33%
146alberici
17%
1BolyaiAnna
17%
1CringeDragon
17%
5Ichbinesgewesen
17%
16lele20
17%
3scambiandJerry
17%
35SwissO
17%
1UG332
17%
1UltraSven
17%
1100Greats
0%
212sim5
0%
2Akula
0%
1GamerandJerry
0%
3GeoPhilia
0%
4IAB
0%
1Jakub
0%
1JBman
0%
1Jonnsen
0%
2KingEureka
0%
1KoljiVriVoda
0%
1lagkapten
0%
1Laurinibus
0%
4ludimagister
0%
19Penguinish
0%
1Pokemonquiz
0%
1QRU
0%
27Quizgas
0%
2Rayquaza10
0%
5Schokiii
0%
1Seahawkcoke
0%
1SWATkun
0%

Score Distribution

Percentile by Number Answered

Percent of People with Each Score

Your Score History

You have not taken this quiz